000 00546nam a2200157 4500
082 0 0 _a003
_bTAH
100 1 _aTaha, Hamdy A.
_98609
245 1 0 _aOperations research;
_can introduction [by] Hamdy A. Taha.
260 _aNew York,
_bMacmillan
_c[1969]
300 _axvi, 703 p.
_billus.
_c24 cm.
500 _aPreliminary ed. published in 1968 under title: Introduction to operations research.
526 _a0
_b0
_c0
_d003_000000000000000_TAH
650 0 _aOperations research.
_97262
650 0 _aProgramming (Mathematics)
_97264
942 _2ddc
_cBK
999 _c541527
_d541527